Indian political thought (Record no. 64962)
[ view plain ]
| 000 -LEADER | |
|---|---|
| fixed length control field | 00660nam a2200205Ia 4500 |
| 001 - CONTROL NUMBER | |
| control field | 63861 |
| 008 - FIXED-LENGTH DATA ELEMENTS--GENERAL INFORMATION | |
| fixed length control field | 190921n2019 ii |||gr||||Z||||||465 |
| 020 ## - INTERNATIONAL STANDARD BOOK NUMBER | |
| International Standard Book Number | 9789332587335 |
| 082 ## - DEWEY DECIMAL CLASSIFICATION NUMBER | |
| Classification number | 320.954 |
| 100 ## - MAIN ENTRY--PERSONAL NAME | |
| Personal name | Roy, Himanshu, |
| Relator term | Author. |
| 245 #0 - TITLE STATEMENT | |
| Title | Indian political thought |
| Remainder of title | themes and thinkers |
| Medium | Textual Documents |
| 250 ## - EDITION STATEMENT | |
| Edition statement | 2nd ed. |
| 260 ## - PUBLICATION, DISTRIBUTION, ETC. | |
| Place of publication, distribution, etc. | UP |
| Name of publisher, distributor, etc. | Pearson Education Pvt.Ltd |
| Date of publication, distribution, etc. | 2019 |
| 300 ## - PHYSICAL DESCRIPTION | |
| Extent | xxix, 441p: |
| Dimensions | 23cm. |
| 653 ## - INDEX TERM--UNCONTROLLED | |
| Uncontrolled term | Political science |
| 653 ## - INDEX TERM--UNCONTROLLED | |
| Uncontrolled term | political thought, Indian political thought, Thinkers of Indian politics, Thinkers, Political thinkers |
| 653 ## - INDEX TERM--UNCONTROLLED | |
| Uncontrolled term | PG-Political science |
| 653 ## - INDEX TERM--UNCONTROLLED | |
| Uncontrolled term | G-Political science |
| 942 ## - ADDED ENTRY ELEMENTS (KOHA) | |
| Source of classification or shelving scheme | Dewey Decimal Classification |
| Koha item type | Books |
| Withdrawn status | Lost status | Damaged status | Not for loan | Collection | Home library | Current library | Shelving location | Date acquired | Total checkouts | Full call number | Barcode | Date last seen | Date last checked out | Copy number | Price effective from | Koha item type | Total renewals |
|---|---|---|---|---|---|---|---|---|---|---|---|---|---|---|---|---|---|
| Dr. Suryya Kumar Bhuyan Library | Dr. Suryya Kumar Bhuyan Library | 21/09/2019 | 2 | 320.954 Ro 71 In | 1701/Cu | 11/11/2025 | 03/11/2025 | 3 | 21/09/2019 | Books | |||||||
| Dr. Suryya Kumar Bhuyan Library | Dr. Suryya Kumar Bhuyan Library | 21/09/2019 | 320.954 Ro 71 In | 1699/Cu | 14/01/2024 | 1 | 21/09/2019 | Books | |||||||||
| Dr. Suryya Kumar Bhuyan Library | Dr. Suryya Kumar Bhuyan Library | 21/09/2019 | 3 | 320.954 Ro 71 In | 1700/Cu | 27/08/2025 | 11/08/2025 | 2 | 21/09/2019 | Books | 2 |
